000 00355nam a22001577a 4500
005 20160513105447.0
008 160513b xxu||||| |||| 00| 0 eng d
020 _a981-240-641-7
041 _aeng
082 _b1832
245 _aQuantitative Methods for Business
260 _bTHOMSON
_c2004
300 _a757
650 _aManagement
_9241
942 _cBK
999 _c707
_d707